| 000 | 00771nam a2200217 a 4500 | ||
|---|---|---|---|
| 008 | 101013s2003 ||||||||||||||||| || u | ||
| 020 | _a0340808268 | ||
| 050 | _aHT 166 Mak | ||
| 100 | _aMaclaran, Andrew | ||
| 245 | 1 | 0 |
_aMaking space: property development and urban planning _cedited by Andrew MacLaran |
| 260 |
_aLondon: _bEdward Arnold _c2003 |
||
| 300 | _aix, 259p.: ill | ||
| 350 | _a0.00 | ||
| 650 | _aLAND USE, URBAN--CASE STUDIES | ||
| 650 | 0 | _aURBAN RENEWAL | |
| 650 | _aCITY PLANNING--CASE STUDIES | ||
| 650 | _aLAND USE, URBAN | ||
| 650 | _aPLANNING | ||
| 650 | 0 | _aCITY PLANNING | |
| 995 |
_D0.00 _FCBU-MAIN LIBRARY (Kitwe) _H1 _I0.00 _M1 _UAVAILABLE _WJan 10, 2011 _ZMain Library Open Access Collection |
||
| 999 |
_c49756 _d49756 |
||